A professional and practitioner"s guide to public relations research, measurement, and evaluation/ (Record no. 20149)

MARC details
000 -LEADER
fixed length control field 00472nam a22001337a 4500
008 - FIXED-LENGTH DATA ELEMENTS--GENERAL INFORMATION
fixed length control field 230523b |||||||| |||| 00| 0 eng d
020 ## - INTERNATIONAL STANDARD BOOK NUMBER
International Standard Book Number 978-1631577611
050 ## - LIBRARY OF CONGRESS CALL NUMBER
Classification number HD59
Item number .P76 2017
245 ## - TITLE STATEMENT
Title A professional and practitioner"s guide to public relations research, measurement, and evaluation/
Statement of responsibility, etc. Edited by David Michaelson and Don W. Stacks
250 ## - EDITION STATEMENT
Edition statement 3rd ed.
260 ## - PUBLICATION, DISTRIBUTION, ETC. (IMPRINT)
Place of publication, distribution, etc. United States of America
Name of publisher, distributor, etc. Business Expert Press
Date of publication, distribution, etc. 2017
300 ## - PHYSICAL DESCRIPTION
Extent 291p.
942 ## - ADDED ENTRY ELEMENTS (KOHA)
Source of classification or shelving scheme Library of Congress Classification
Koha item type General Collection
Holdings
Withdrawn status Lost status Source of classification or shelving scheme Not for loan Home library Current library Date acquired Cost, normal purchase price Inventory number Total Checkouts Full call number Barcode Date last seen Copy number Price effective from Koha item type
    Library of Congress Classification   Kabarak, Main Campus Kabarak, Main Campus 23/05/2023 2833.00 0742/2022   HD59 .P76 2017 C.1 032137 02/08/2024 C.1 23/05/2023 General Collection
    Library of Congress Classification   Kabarak, Main Campus Kabarak, Main Campus 23/05/2023 2833.00 0741/2022   HD59 .P76 2017 C.2 032138 02/08/2024 C.2 23/05/2023 General Collection
    Library of Congress Classification   Kabarak, Nakuru City Campus Kabarak, Nakuru City Campus 23/05/2023 2833.00 0740/2022   KNCC HD59 .P76 2017 C.1 032139 23/05/2023 C.1 23/05/2023 General Collection
Designed with assistance from East African Informatics Ltd